Rozvoj iniciativy při snižování energetické náročnosti

Bibliographic Details
Main Author: Povolný, Milan (Author)
Format: Article
Language:Czech
Subjects:

MARC

LEADER 00000nab a2200000 a 4500
001 vtls000386299
003 SK-MaSNL
005 20260305024320.0
008 230223c1989 xo 0 cze
015 |a SNBRB19rr/mm-uuuuu 
035 |a CL0386422 
035 |a urn:nbn:sk:snk-abbkpd 
035 |a (urnnbn)urn:nbn:sk:snk:ar-a0am26 
035 |a (uuid)bdf672e6-6296-4426-bc71-c5124c57c246 
040 |a SNKBUCL  |b slo  |c SNKBUCL  |e AACR2 
041 0 |a cze 
044 |a xo  |c SK 
080 |a 330.123.7  |2 1981 
100 1 |a Povolný, Milan  |4 aut  |9 343950 
245 1 0 |a Rozvoj iniciativy při snižování energetické náročnosti  |c Milan Povolný 
650 0 7 |a národné hospodárstvo  |2 snkbucl  |9 846 
650 0 7 |a energia  |2 snkbucl  |9 15416 
650 0 7 |a náročnosť energetická  |2 snkbucl  |9 882163 
655 7 |a články z novín a časopisov  |2 snkbucl  |9 267496 
773 0 |t Technická práca  |g Roč. 41, č. 10 (1989), s. 11-14 
850 |a Slovenská národná knižnica v Martine  |a MTA001 
852 |a SNK  |b KIS3GCP 
958 |a RK 
958 |a CZ 
958 |a OND 
958 |a EUIPO 
958 |a article15 
992 |a RBX 
999 |c 3301616  |d 3303546